000
00302cam a22001217a 4500
008
180718b1957 xxu||||| |||| 00| 0 eng d
082
_a
B14 R659
245
_a
Human sum
_c
edited by C.H. Rolph
260
_a
London
_b
Heinemann
_c
1957
300
_a
232p
650
_a
Birth control.
700
_a
Rolph, C.H.
999
_c
418642
_d
418642